F1 Number of Laps per Track - Statistics

General Stats
  • This quiz has been taken 24 times
  • The average score is 14 of 24
Answer Stats
Country Circuit Answer % Correct
๐Ÿ‡ฒ๐Ÿ‡จ Circuit de Monaco 78
82%
๐Ÿ‡ง๐Ÿ‡ช Circuit de Spa-Francorchamps 44
68%
๐Ÿ‡ฆ๐Ÿ‡บ Melbourne GP Circuit 58
68%
๐Ÿ‡ช๐Ÿ‡ธ Circuit de Barcelona-Catalunya 66
68%
๐Ÿ‡จ๐Ÿ‡ฆ Circuit Gilles Villeneuve 70
68%
๐Ÿ‡ง๐Ÿ‡ญ Bahrain International Circuit 57
64%
๐Ÿ‡ฆ๐Ÿ‡น Red Bull Ring 71
64%
๐Ÿ‡ธ๐Ÿ‡ฆ Jeddah Street Circuit 50
59%
๐Ÿ‡บ๐Ÿ‡ธ Hard Rock Stadium Circuit 57
59%
๐Ÿ‡ง๐Ÿ‡ท Autodromo Jose Carlos Pace 71
59%
๐Ÿ‡บ๐Ÿ‡ธ Las Vegas Street Circuit 50
55%
๐Ÿ‡ฌ๐Ÿ‡ง Silverstone Circuit 52
55%
๐Ÿ‡ฏ๐Ÿ‡ต Suzuka 53
55%
๐Ÿ‡จ๐Ÿ‡ณ Shanghai International Circuit 56
55%
๐Ÿ‡ธ๐Ÿ‡ฌ Marina Bay Street Circuit 61
55%
๐Ÿ‡ณ๐Ÿ‡ฑ Zandvoort 72
55%
๐Ÿ‡ฆ๐Ÿ‡ฟ Baku City Circuit 51
50%
๐Ÿ‡ฎ๐Ÿ‡น Autodromo Nazionale di Monza 53
50%
๐Ÿ‡ฆ๐Ÿ‡ช Yas Marina Circuit 55
50%
๐Ÿ‡บ๐Ÿ‡ธ Circuit of the Americas 56
50%
๐Ÿ‡ถ๐Ÿ‡ฆ Lusail Circuit 57
50%
๐Ÿ‡ฎ๐Ÿ‡น Autodromo Internazionale Enzo e Dino Ferrari 63
50%
๐Ÿ‡ญ๐Ÿ‡บ Hungaroring 70
50%
๐Ÿ‡ฒ๐Ÿ‡ฝ Autodromo Hermanos Rodriguez 71
45%
No matching quizzes found
Score Distribution
Percent of People with Each Score
Percentile by Number Answered
Your Score History
You have not taken this quiz